logo

Bir Sreshtho Munshi Abdur Rouf Library
Jhenaidah Cadet College

সেদিন রাতে / (Record no. 13281)

MARC details
000 -LEADER
fixed length control field 00886nam a2200265 a 4500
001 - CONTROL NUMBER
JCCL Control Number 13281
003 - CONTROL NUMBER IDENTIFIER
JCCL marc code BD-JhCC
005 - DATE AND TIME OF LATEST TRANSACTION
control field 20230808102425.0
008 - FIXED-LENGTH DATA ELEMENTS--GENERAL INFORMATION
fixed length control field 230726s 2021bg a|||| ||a| 000 0 ben d
020 ## - INTERNATIONAL STANDARD BOOK NUMBER
International Standard Book Number 9789843495372
035 ## - SYSTEM CONTROL NUMBER
system control number (BD-JhCC)13281
040 ## - CATALOGING SOURCE
Original cataloging agency BD-JhCC
Modifying agency BD-JhCC
041 ## - LANGUAGE CODE
Language code of Book bengali
082 ## - DEWEY DECIMAL CLASSIFICATION NUMBER
Classification number 398.20956
Author mark and Year BIL 2021
100 ## - MAIN ENTRY--PERSONAL NAME
Personal name বিল্লাহ, মোছতানছের
245 ## - TITLE STATEMENT
Title সেদিন রাতে /
Statement of responsibility, etc মোছতানছের বিল্লাহ, সম্পা: মাসুম খান জাহান।
260 ## - PUBLICATION, DISTRIBUTION, ETC. (IMPRINT)
Place of publication, distribution, etc ঢাকা :
Name of publisher, distributor, etc চড়ুই পাবলিকেশন;
Date of publication, distribution, etc 2021.
300 ## - PHYSICAL DESCRIPTION
Pagination 20 p. :
Dimensions 17 cm.
490 ## - SERIES STATEMENT
Series statement Level-3
504 ## - BIBLIOGRAPHY, ETC. NOTE
Bibliography, etc Includes Bibliography.
650 ## - SUBJECT ADDED ENTRY--TOPICAL TERM
Topical term or geographic name as entry element Juvenile Literature
650 ## - SUBJECT ADDED ENTRY--TOPICAL TERM
Topical term or geographic name as entry element Islamic story
700 ## - ADDED ENTRY--PERSONAL NAME
Personal name জাহান, মাসুম খান
942 ## - ADDED ENTRY ELEMENTS (KOHA)
Source of classification or shelving scheme Dewey Decimal Classification
Koha item type Books
Holdings
Source of classification or shelving scheme Damaged status Not for loan Home library Current library Shelving location Date of accession Cost, normal purchase price Total Checkouts Full call number Barcode Date last seen Date checked out Copy number Method of acquisition Koha item type Currency
Dewey Decimal Classification     JCC Rouf Library JCC Rouf Library General Stacks 08/08/2023 103.00 3 398.20956 BIL 2021 18463 12/12/2024 12/11/2024 C-1 Purchase Books BDT

JCC Library | Contacts | JCC Home

Last Update on 23 September 2017
Copyright @ 2017-2020 JCC Rouf Library
Rouf Library, Jhenidah Cadet College (JCC), Bangladesh